000 00537nam a2200181 i 4500
001 32799
003 ES-MaACL
005 20230906154633.0
007 t|
008 030131s1965 sp ||||1| cat d
100 1 _aBertrana, Prudencio.
_928514
245 1 0 _aObres completes /
_cPrudenci Bertrana ; proleg... per Aurora Bertrana.
250 _a[1ยช ed.].
260 _aBarcelona :
_bSelecta,
_c1965.
300 _aXL, 1470 p. :
_b1 retr. aut. ;
_c21 cm.
700 1 _aBertrana, Aurora.
_928513
852 _aES-MaACL
_jC-29709
_bR.59979
999 _c32799
_d32799